00592nam a22002057a 450000500170000001000130001702000220003003500130005203700160006504000120008108200160009310000160010924500850012526000440021027000390025430000240029350000200031765000210033765000280035820170124110243.0 aA-597051 c00.00a8171770193 aA-597051 bCen Lib/Ret aDPLbEN a020.92bKAU aKaula, P.N. aA librarian looks back :bby P.N. Kaula can autobiography of S.R. Ranganathan / aNew Delhi bABC Publishing House c1992 bNew Delhi a5, Ansari Roade110002 axi,485p. c23cm(Hb) aincludes index  aLibrary science  aLibrarian -- biography